Pourquoi LOGO dans un contexte educatif? : apprentissage par la programmation
Αποθηκεύτηκε σε:
| Κύριοι συγγραφείς: | , |
|---|---|
| Μορφή: | Βιβλίο |
| Γλώσσα: | French |
| Δημοσίευση: |
Bruxelles :
Editions Labor, Editions de Boeck,
c1985
|
| Σειρά: | Education 2000
|
| Θέματα: | |
| Ετικέτες: |
Προσθήκη ετικέτας
Δεν υπάρχουν, Καταχωρήστε ετικέτα πρώτοι!
|
MARC
| LEADER | 00000nam a2200000 i 4500 | ||
|---|---|---|---|
| 001 | 1/11871 | ||
| 008 | 000918s1985 fre d | ||
| 020 | |a 2-8040-0065-6 | ||
| 035 | |l 10063993 | ||
| 040 | |a GR-MY-UA |b gre |e aacr | ||
| 041 | 0 | |a fre | |
| 082 | 0 | |a 370.072 | |
| 100 | 1 | |a Hardy, Jean-Luc. |4 aut | |
| 245 | 1 | 0 | |a Pourquoi LOGO dans un contexte educatif? : |b apprentissage par la programmation / |c Jean-Luc Hardy, Brigitte Denis |
| 260 | |a Bruxelles : |b Editions Labor, |b Editions de Boeck, |c c1985 | ||
| 300 | |a 160 p.; |c 22 cm | ||
| 490 | 1 | |a Education 2000 | |
| 500 | |a Centre de Technologie de l'Education, Laboratoire de Pedagogie Experimentale - Universite de Liege | ||
| 650 | 0 | 0 | |a Education |x Research. |
| 700 | 1 | |a Denis, Brigitte |d 1958- |4 aut | |
| 830 | 0 | |a Education 2000 | |
| 852 | |a INST |b RHODES |e 20000918 |h 370.072 HAR |p 005400008666 |q 005400008666 |t BK |y 0 | ||
| 909 | |a Ρ |b 023345 | ||
| 922 | |a 4ΕΛΗ |b 199205 | ||
| 970 | |z 2000/09/ΧΡΥΣΑΝΘΗ | ||